Manasik swasthyar bicharya bishaysamuh/ (Record no. 11096)

MARC details
000 -LEADER
fixed length control field 00675nam a22002417a 4500
005 - DATE AND TIME OF LATEST TRANSACTION
control field 20211117123150.0
008 - FIXED-LENGTH DATA ELEMENTS--GENERAL INFORMATION
fixed length control field 201127b ||||| |||| 00| 0 eng d
020 ## - INTERNATIONAL STANDARD BOOK NUMBER
International Standard Book Number 9789389865202
040 ## - CATALOGING SOURCE
Original cataloging agency IN-DiNC
Transcribing agency IN-DiNC
041 ## - LANGUAGE CODE
Language code of sung or spoken text Assamese
082 ## - DEWEY DECIMAL CLASSIFICATION NUMBER
Classification number 362.2
Item number MAN
245 ## - TITLE STATEMENT
Title Manasik swasthyar bicharya bishaysamuh/
Statement of responsibility, etc. Nabanita Deka and others
250 ## - EDITION STATEMENT
Edition statement 1st ed.
260 ## - PUBLICATION, DISTRIBUTION, ETC.
Place of publication, distribution, etc. Dibrugarh:
Name of publisher, distributor, etc. Banalata,
Date of publication, distribution, etc. 2020
300 ## - PHYSICAL DESCRIPTION
Extent 272p.
650 ## - SUBJECT ADDED ENTRY--TOPICAL TERM
Topical term or geographic name entry element Education
650 ## - SUBJECT ADDED ENTRY--TOPICAL TERM
Topical term or geographic name entry element Mental health issues
700 ## - ADDED ENTRY--PERSONAL NAME
Personal name Deka, Nabanita
Relator term Author
700 ## - ADDED ENTRY--PERSONAL NAME
Personal name Gogoi, Paban
Relator term Author
700 ## - ADDED ENTRY--PERSONAL NAME
Personal name Buragohain, Purbamanjuri
Relator term Author
700 ## - ADDED ENTRY--PERSONAL NAME
Personal name Buragohain, Debajit
Relator term Author
942 ## - ADDED ENTRY ELEMENTS (KOHA)
Source of classification or shelving scheme Dewey Decimal Classification
Koha item type Books
Holdings
Withdrawn status Lost status Source of classification or shelving scheme Damaged status Not for loan Collection code Home library Current library Shelving location Date acquired Cost, normal purchase price Total Checkouts Full call number Barcode Date last seen Date last checked out Copy number Price effective from Koha item type
    Dewey Decimal Classification     Education Central Library, Naharkatiya College Central Library, Naharkatiya College General Stacks 27/11/2020 260.00 17 362.2 MAN 28514 13/06/2024 10/06/2024 1 27/11/2020 Books
    Dewey Decimal Classification     Education Central Library, Naharkatiya College Central Library, Naharkatiya College General Stacks 27/11/2020 260.00 27 362.2 MAN 28515 20/11/2024 05/11/2024 2 27/11/2020 Books
    Dewey Decimal Classification     Education Central Library, Naharkatiya College Central Library, Naharkatiya College General Stacks 13/11/2021 260.00 19 362.2 MAN 28652 03/03/2025 15/02/2025 3 13/11/2021 Books
    Dewey Decimal Classification     Education Central Library, Naharkatiya College Central Library, Naharkatiya College General Stacks 13/11/2021 260.00 20 362.2 MAN 28653 04/11/2024 08/10/2024 4 13/11/2021 Books

Naharkatiya College © 2020. All rights reserved.

Powered By